| 000 -LEADER |
| fixed length control field |
00729nam a22001697a 4500 |
| 005 - DATE AND TIME OF LATEST TRANSACTION |
| control field |
20231208160314.0 |
| 008 - FIXED-LENGTH DATA ELEMENTS--GENERAL INFORMATION |
| fixed length control field |
231208s1977 ru ||||| |||| 00| 0 rus d |
| 041 ## - LANGUAGE CODE |
| Language code of text/sound track or separate title |
rus |
| 080 ## - UNIVERSAL DECIMAL CLASSIFICATION NUMBER |
| Universal Decimal Classification number |
52 X-72 |
| 100 ## - MAIN ENTRY--PERSONAL NAME |
| Personal name |
Хокинс Дж. |
| 9 (RLIN) |
20633 |
| 245 ## - TITLE STATEMENT |
| Title |
Кроме Стоунхенджа / |
| Statement of responsibility, etc. |
Дж. Хокинс; Пер. с англ. П. Гурова; Под ред. А. Гурштейна. |
| 264 ## - PRODUCTION, PUBLICATION, DISTRIBUTION, MANUFACTURE, AND COPYRIGHT NOTICE |
| Place of production, publication, distribution, manufacture |
Москва : |
| Name of producer, publisher, distributor, manufacturer |
Мир, |
| Date of production, publication, distribution, manufacture, or copyright notice |
1977. |
| 300 ## - PHYSICAL DESCRIPTION |
| Extent |
268 с. : |
| Other physical details |
ил.; |
| Dimensions |
23 см. |
| 653 ## - INDEX TERM--UNCONTROLLED |
| keyword |
უძველესი კულტურის ძეგლები |
| 653 ## - INDEX TERM--UNCONTROLLED |
| keyword |
ძველი და ახალი სამყაროს პრეისტორიული ძეგლები |
| 942 ## - ADDED ENTRY ELEMENTS (KOHA) |
| Source of classification or shelving scheme |
|
| Koha item type |
წიგნი |